| 000 | 00425nam a22001697a 4500 | ||
|---|---|---|---|
| 005 | 20160616120948.0 | ||
| 008 | 160616b xxu||||| |||| 00| 0 eng d | ||
| 020 | _a81-259-0944-3 | ||
| 041 | _aeng | ||
| 082 | _b7963 | ||
| 100 |
_aXavier, M.J. and Ramchander, S _92067 |
||
| 245 | _aBeyond Competition | ||
| 260 |
_aNew Delhi _bVikas Publishing House (P) Ltd. |
||
| 300 | _a150 | ||
| 650 |
_aManagement _9241 |
||
| 942 | _cBK | ||
| 999 |
_c2932 _d2931 |
||